000 00360nam a2200145Ia 4500
008 230917s9999||||xx |||||||||||||| ||und||
040 _e88389
_aMAIN
041 _aEnglish
082 _a301.44 C674S
100 _aCole, G D H
245 0 _aStudies in class structure
260 _aLondon
_bRoutledge & Kegan Paul
_c1955
300 _avii, 195 p.
942 _cBK
999 _c81512
_d81512